000 00347nam a2200133Ia 4500
008 240624s9999 xx 000 0 und d
041 _aeng
082 _a158 COV
100 _aCOVEY STEPHEN R
245 _a3RD ALTERNATIVE SOLVING LIFE S MOST DIFF
260 _c2011
_aNew Delhi
_bSimon And Schuster India
300 _a352 : p.
365 _cRS
_b25
999 _c18293
_d18293